000 01978 a2200265 4500
999 _c23874
_d23874
003 Nust
005 20170515111956.0
008 170317b xxu||||| |||| 00| 0 eng d
020 _a8178086298
040 _aDLC
_bDLC
_cRCMS
082 _a621.367 GON
100 1 _aGonzalez, Rafael C.
_9672
245 1 0 _aDigital image processing
_cRafael C. Gonzalez, Paul Wintz.
250 _a2nd ed.
260 _aDelhi :
_bPearson Education,
_c2002.
300 _axx, 793 p.
538 _iShelf # 15, Row # 1, Communication. Shelf # 15, Row # 3, Communication.
650 0 _aImage processing
_xDigital techniques.
_9673
700 1 1 _aWintz, Paul A.
_9674
856 _3Table of Content Only
942 _cBK
_k621.367 GON
_2ddc